00383nam a2200145Ia 4500008004100000020001500041041001200056100001600068245006900084250000800153260003900161300000800200650001100208700001800219221030s9999 xx 000 0 und d a0070702400 aEnglish aJ. D. Kraus 0aElectromagnetic With Applicationscby J. D. Kraus, D. A. Fleisch a5th bMcGraw Hill Pub.aNew Delhic2011 a617 aBB EMT aD. A. Fleisch